000 00699nam a2200229 a 4500
008
020 _a0862778905
049 _aMAIN
090 _aKD2079
245 1 0 _aCompany law :
_bICSA practice and revision kit./
_cInstitute of Chartered Secretaries & Administrators.
250 _a2nd ed.
260 _aLondon :
_bBPP Pubishing,
_c1990.
300 _aiv, 232 p. ;
_c30 cm.
500 _aIncludes statutory references.
500 _aICSA practice and revision kit :
_bCompany law.
650 _aCorporation law.
907 _a.b10125267
_b03-01-11
_c07-06-04
003
005 20230123133730.0
040 _cNUST
942 _cBOOKS
_kKD2079
999 _c153685
_d153685